ARRUPE JESUIT UNIVERSITY

CORONAVIRUS -STOP THE SPREAD - CLEAN,DISINFECT,COVER

The Spanish Civil War / (Record no. 124697)

MARC details
000 -LEADER
fixed length control field 01212cam a22003734a 4500
001 - CONTROL NUMBER
control field 6251658
003 - CONTROL NUMBER IDENTIFIER
control field ARRUPE
005 - DATE AND TIME OF LATEST TRANSACTION
control field 20160425085853.0
008 - FIXED-LENGTH DATA ELEMENTS--GENERAL INFORMATION
fixed length control field 070713s2007 enkb b 001 0 eng
010 ## - LIBRARY OF CONGRESS CONTROL NUMBER
LC control number 2007021660
015 ## - NATIONAL BIBLIOGRAPHY NUMBER
National bibliography number GBA716607
Source bnb
016 7# - NATIONAL BIBLIOGRAPHIC AGENCY CONTROL NUMBER
Record control number 013683766
Source Uk
020 ## - INTERNATIONAL STANDARD BOOK NUMBER
International Standard Book Number 1403995168 (pbk. : alk. paper)
020 ## - INTERNATIONAL STANDARD BOOK NUMBER
International Standard Book Number 9781403995162 (pbk. : alk. paper)
035 ## - SYSTEM CONTROL NUMBER
System control number (OCoLC)136782622
035 ## - SYSTEM CONTROL NUMBER
System control number (OCoLC)ocn136782622
035 ## - SYSTEM CONTROL NUMBER
System control number (DLC) 2007021660
035 ## - SYSTEM CONTROL NUMBER
System control number (NNC)6251658
040 ## - CATALOGING SOURCE
Original cataloging agency DLC
Transcribing agency DLC
Modifying agency YDX
-- BTCTA
-- BAKER
-- YDXCP
-- UKM
-- NNC
043 ## - GEOGRAPHIC AREA CODE
Geographic area code e-sp---
050 00 - LIBRARY OF CONGRESS CALL NUMBER
Classification number DP269
Item number .D83 2007
082 00 - DEWEY DECIMAL CLASSIFICATION NUMBER
Classification number 946.081
Edition number 22
300 ## - PHYSICAL DESCRIPTION
Other physical details maps ;
Dimensions 22 cm.
100 1# - MAIN ENTRY--PERSONAL NAME
Personal name Durgan, Andrew,
Dates associated with a name 1952-
9 (RLIN) 24079
245 14 - TITLE STATEMENT
Title The Spanish Civil War /
Statement of responsibility, etc Andy Durgan.
260 ## - PUBLICATION, DISTRIBUTION, ETC. (IMPRINT)
Place of publication, distribution, etc Basingstoke, Hampshire ;
-- New York :
Name of publisher, distributor, etc Palgrave Macmillan,
Date of publication, distribution, etc 2007.
300 ## - PHYSICAL DESCRIPTION
Extent xx, 156 p. :
490 1# - SERIES STATEMENT
Series statement Studies in European history
504 ## - BIBLIOGRAPHY, ETC. NOTE
Bibliography, etc Includes bibliographical references (p. 133-148) and index.
651 #0 - SUBJECT ADDED ENTRY--GEOGRAPHIC NAME
Geographic name Spain
General subdivision History
Chronological subdivision Civil War, 1936-1939.
9 (RLIN) 6199
830 #0 - SERIES ADDED ENTRY--UNIFORM TITLE
Uniform title Studies in European history (Basingstoke, England)
9 (RLIN) 896
942 ## - ADDED ENTRY ELEMENTS (KOHA)
Source of classification or shelving scheme Library of Congress Classification
Koha item type Monograph ( Printed materials)
948 1# - LOCAL PROCESSING INFORMATION (OCLC); SERIES PART DESIGNATOR (RLIN)
Series part designator, SPT (RLIN) 20070913
b (OCLC) c
c (OCLC) rad1
d (OCLC) MPS
Holdings
Withdrawn status Lost status Source of classification or shelving scheme Damaged status Not for loan Collection code Home library Current library Shelving location Date acquired Total Checkouts Full call number Barcode Date last seen Price effective from Koha item type
    Library of Congress Classification     Main Collection ARRUPE LIBRARY ARRUPE LIBRARY Main Collection 25/04/2016   DP269.D83 2007 46500006888 04/12/2017 25/04/2016 Monograph ( Printed materials)

 

Arrupe Library. PO Box MP320 Mt Pleasant, Harare, Zimbabwe
263 242 745411|librarian@aju.ac.zw